000 00605nam a2200217Ia 4500
001 7796
003 GE_BSU
008 181216s||||||||xx |||||||||||||| ||und||
040 _cGE_BSU
245 _aГосударство и право. №8. 2013.
245 _b№8 Август, 2013
245 _cГл. ред. А.С.Автономов
260 _aМосква
260 _bНаука
260 _c2013
300 _a128ст;29см.
520 _aВыходит 12 раз в год
653 _aГосударство и право.
653 _aპერიოდიკა
942 _cCR
999 _c41146
_d41146